LEADER 01158nam a2200241 i 4500 001 000000046525 003 CaOOAMICUS 005 20120213000000.0 008 120213s1935 it u000 u ita u 013 $a17695 040 $aSeMil$bita 100 1 $aEhrle, Franz,$c.$0(OLS)http://semarc/name/9802 245 13$aLa scolastica e i suoi compiti odierni /$cCard. Francesco Ehrle , S. J ; Traduzione italiana autorizzata da Gerardo Bruni ; dalla 2. ed. tedesca a cura di F. Pelster , S. J. 260 $aTorino [etc.] :$bSocietà Editrice Internazionale,$cstampa 1935. 300 $a119 p. ;$c20 cm. 500 $aContiene : Appendice di documenti. 650 4$aScolastica.$0(OLS)http://semarc/subject/210 700 1 $aPelster, Franz .$0(OLS)http://semarc/name/90502 700 1 $aBruni, Gerardo.$0(OLS)http://semarc/name/22713 850 $aSeMil 852 $aSeMil$W1$xVenegono$y1$m2C II 55$j12680$B12680$CSeMilBibl$Z2$F12680 $81 996 $6245$aLa scolastica e i suoi compiti odierni$9(OLS)http://semarc/title/69591 996 $6260$aTorino [etc.] :$bSocietà Editrice Internazionale$9(OLS)http://semarc/publisher/31170 LEADER 02280nam a2200289 4500 001 000000339229 003 CaOOAMICUS 005 20221121122808.0 008 200204s1821 it 000 u ita r 026 $aero- O.MO tade poco (7) 1821 (R) 040 $aSeMil$bita 100 11$aPollini, Ciro,$d<1782-1833>.$0(OLS)http://semarc/name/110879 245 00$aCatechismo agrario di Ciro Pollini dottore in filosofia, medicina e chirurgia, già professore di botanica e agricoltura in Milano, indi in Verona, membro e osservatore agrario dell'Accademia d'agricoltura, commercio ed arti di Verona, socio corrispondente della R. Accademia delle scienze di Torino, della Società agraria di Bologna, di Novara e dei Georgofili di Firenze, membro onorario straniero della società fisica di Zurigo, della Società ducale di Jena, ec. 250 $aSeconda edizione riveduta ed ampliata su la prima gia coronata e stampata dall'Accademia d'agricoltura, commercio ed arti di Verona 264 1$aIn Verona :$bDalla Società Tipografica Editrice,$c1821. 300 $a488, [8] p. ;$c8° 500 $aLe ultime [8] p. contengono: Opere pubblicate dal dott. Ciro Pollini 500 $aMarca non censita (Murena accollata a una freccia che cade su un bersaglio. Motto: Maturandum) sul front. 650 4$aAgraria - Manuali - Opere anteriori al 1900.$0(OLS)http://semarc/subject/48980 710 0 $aSocietà tipografica .$0(OLS)http://semarc/name/11314 752 $aIT$dVerona 850 $aSeMil 852 $aSeMil$W1$xVenegono$y1$m3XC II 1 FA$j218411$B230345$CSeMilBibl$Z2$F230345 $8I 941 1 $a10 996 $6245$aCatechismo agrario di Ciro Pollini dottore in filosofia, medicina e chirurgia, già professore di botanica e agricoltura in Milano, indi in Verona, membro e osservatore agrario dell'Accademia d'agricoltura, commercio ed arti di Verona, socio corrispondente della R. Accademia delle scienze di Torino, della Società agraria di Bologna, di Novara e dei Georgofili di Firenze, membro onorario straniero della società fisica di Zurigo, della Società ducale di Jena, ec.$9(OLS)http://semarc/title/428037 996 $6264$aIn Verona :$bDalla Società Tipografica Editrice$9(OLS)http://semarc/publisher/36495